000 00425 a2200169 4500
001 191494
020 _a978-85-16-06168-5
040 _cMagnum
100 _aMc Donald, Megan
240 1 0 _aJudy moody & chiclete: natal superlegal
_lpor
245 1 0 _aJudy moody & chiclete: natal superlegal
300 _a114
362 0 _a2008
440 1 _aSalamandra
697 _aLITERATURA INFANTO-JUVENIL ESTRANGEIRA
942 _cBK
999 _c191494
_d191494